The noble scholar, jurist, historian


 His Excellency Dr. Abdul Wahhab bin Ibrahim Abu Sulaiman, may Allah have mercy on him.


 He was born in Umm Al-Qura in the year 1356 AH.

الإعلام باستحباب شد الرحل لزيارة قبر خير الأنام عليه الصلاة والسلام / (Record no. 11226)

MARC details
000 -LEADER
fixed length control field 02645cam a2200337 i 4500
003 - CONTROL NUMBER IDENTIFIER
control field OSt
005 - DATE AND TIME OF LATEST TRANSACTION
control field 20250828061332.0
008 - FIXED-LENGTH DATA ELEMENTS--GENERAL INFORMATION
fixed length control field 250824q19001999ts g 000 0 ara c
024 0# - OTHER STANDARD IDENTIFIER
Standard number or code 00000000969327
040 ## - CATALOGING SOURCE
Original cataloging agency AE-DuMBRL
Language of cataloging ara
Transcribing agency SA-RiAUC
Description conventions rda
043 ## - GEOGRAPHIC AREA CODE
Geographic area code a-su---
050 #4 - LIBRARY OF CONGRESS CALL NUMBER
Item number M36 1900z
082 04 - DEWEY DECIMAL CLASSIFICATION NUMBER
Classification number 215.2
Assigning agency SA-RiAUC
090 ## - LOCALLY ASSIGNED LC-TYPE CALL NUMBER (OCLC); LOCAL CALL NUMBER (RLIN)
Classification number (OCLC) (R) ; Classification number, CALL (RLIN) (NR) 215.2
Local cutter number (OCLC) ; Book number/undivided call number, CALL (RLIN) م م د
100 1# - MAIN ENTRY--PERSONAL NAME
Personal name ممدوح، محمود سعيد محمد
Relator term مؤلف.
245 12 - TITLE STATEMENT
Title الإعلام باستحباب شد الرحل لزيارة قبر خير الأنام عليه الصلاة والسلام /
Statement of responsibility, etc. بقلم محمود سعيد ممدوح ؛ قدم له فضيلة الشيخ عيسى بن عبد الله بن مانع الحميري.
250 ## - EDITION STATEMENT
Edition statement الطبعة الأولى.
264 #1 - PRODUCTION, PUBLICATION, DISTRIBUTION, MANUFACTURE, AND COPYRIGHT NOTICE
Place of production, publication, distribution, manufacture [مكان النشر غير محدد] :
Name of producer, publisher, distributor, manufacturer [الناشر غير محدد]،
Date of production, publication, distribution, manufacture, or copyright notice [بين 1900 و1999]
264 #3 - PRODUCTION, PUBLICATION, DISTRIBUTION, MANUFACTURE, AND COPYRIGHT NOTICE
Place of production, publication, distribution, manufacture دبي [الإمارات العربية المتحدة] :
Name of producer, publisher, distributor, manufacturer مطابع البيان التجارية
300 ## - PHYSICAL DESCRIPTION
Extent 43 صفحة ؛
Dimensions 21 × 14 سم
336 ## - CONTENT TYPE
Content type term نص
Content type code txt
Source rdacontent
Materials specified كتاب
337 ## - MEDIA TYPE
Media type term بدون وسيط
Media type code n
Source rdamedia
338 ## - CARRIER TYPE
Carrier type term مجلد
Carrier type code nc
Source rdacarrier
520 ## - SUMMARY, ETC.
Summary, etc. يتناول كتاب (الإعلام باستحباب شد الرحل لزيارة قبر خير الأنام عليه الصلاة والسلام) والذي قام بتأليفه محمود سعيد ممدوح، موضوع (شد الرحل لزيارة قبر خير الأنام) الكتاب رسالة جليلة جمع فيها المؤلف خلاصة ما قيل في هذا المقام، ليرضي حبيبه رسول الله صلى الله عليه وسلم، ويشفى بها قلوب قوم مؤمنين، بالحجة االدامغة والبراهين الساطعة. ليؤكد على أنه لا مانع ولا حائل عن شد الرحال لزيارته وهو القائل في حديث شد الرحال و "مسجدي"، ونسبة المسجد إليه دليل على أن فضل المسجد من جواره، كما أن المسجد الحرام شرف به وبالأنبياء قبله عليهم السلام، وبأن تربته منه ففاز الحرم بزيادة الأجر عما سواه .
650 #7 - SUBJECT ADDED ENTRY--TOPICAL TERM
Topical term or geographic name entry element المقابر
General subdivision زيارة
Source of heading or term aucsh
650 #7 - SUBJECT ADDED ENTRY--TOPICAL TERM
Topical term or geographic name entry element زيارة المدينة المنورة
Source of heading or term aucsh
700 1# - ADDED ENTRY--PERSONAL NAME
Personal name الحميري، عيسى بن عبد الله بن محمد بن مانع،
Dates associated with a name 1954-
Relator term مقدم.
942 ## - ADDED ENTRY ELEMENTS (KOHA)
Source of classification or shelving scheme Dewey Decimal Classification
Koha item type Books
Suppress in OPAC No
949 ## - LOCAL PROCESSING INFORMATION (OCLC)
a SA-JeALM
d 250824
u mohamedma123
n 1
Holdings
Withdrawn status Lost status Source of classification or shelving scheme Damaged status Not for loan Home library Current library Date acquired Total checkouts Full call number Barcode Date last seen Price effective from Koha item type
    Dewey Decimal Classification     DR AbdElwahab Library DR AbdElwahab Library 08/28/2025   215.2 م م د 000018213 08/28/2025 08/28/2025 Books